000
00483nam a2200181Ia 4500
008
090124s9999 xx 000 0 und d
082
_b
128434
100
_a
सप्रे मधुवंती
245
_a
आत्मजा
250
_a
1
260
_c
1997
300
_a
296
600
_a
सप्रे मधुवंती
630
_a
आत्मजा
700
_a
सप्रे मधुवंती
730
_a
आत्मजा
942
_c
BOOK
999
_c
174523
_d
174523